Gasto educativo, costo unitario y pirámide escolar en México, 1975-1976.

Guardado en:
Detalles Bibliográficos
Autor principal: Rodríguez Moreno, Pedro Gerardo (autor)
Otros autores: Sotelo Marbán, Andrés coaut (autor) coaut, (autor)
Formato: Desconocido
Idioma:Español
Temas:
Acceso en línea:Ver documento en línea
Etiquetas: Agrega una etiqueta
Sin etiquetas, Sé el primero en etiquetar este registro!

MARC

LEADER 00000c**#a2200000ua#4500
001 000500449
003 DLC
005 20260512000000.0
008 070820c^^^^9999^^^^r1^^^^^^^^0^^^^0spa^d
009 20260512123320.017
022 |a 01851284 
035 |a FCE 000044616 
037 |a Acervo ITESO - Biblioteca 
041 |a spa 
095 |a RLEE  |b 77-4-127. 
100 |a Rodríguez Moreno, Pedro Gerardo  |e (autor) 
245 1 0 |a Gasto educativo, costo unitario y pirámide escolar en México, 1975-1976. 
264 |a México :  |b Centro de Estudios Educativos,  |c 1977. 
336 |a texto  |b txt  |2 rdacontenido 
337 |a sin mediación  |b n  |2 rdamedio 
338 |a volumen  |b nc  |2 rdasoporte 
649 |a XX 
650 |a Estadísticas educativas 
650 |a Sistema educativo 
650 |a Presupuestos 
650 |a Gasto educativo 
650 |a Costo de la educación 
650 |a México 
740 |g vol. 7, no. 4, 1977, pp. 127-147.  |t Revista Latinoamericana de Estudios Educativos. Estadística, 
700 |a Sotelo Marbán, Andrés  |e coaut  |e (autor) 
856 4 0 |u https://www.cee.edu.mx/rlee/revista/r1971_1980/r_texto/t_1977_4_10.pdf  |y Ver documento en línea 
910 |a Fondo Centro de Estudios Educativos 
920 |a Impresos - Libros 
930 |a Fondos Especiales 
905 |a 133 
902 |a https://opac.biblio.iteso.mx/vufind/Record/000500449